[Event "Kings Gambit A"]
[Site "Lipetsk RUS"]
[Date "2008.07.10"]
[Round "2"]
[White "Romanko,M"]
[Black "Sjugirov,S"]
[Result "1/2-1/2"]
[WhiteElo "2374"]
[BlackElo "2545"]

1.d4 Nf6 2.c4 g6 3.Nf3 Bg7 4.g3 O-O 5.Bg2 d6 6.O-O c5 7.Nc3 Nc6 8.d5 Na5
9.Nd2 a6 10.Qc2 Rb8 11.b3 b5 12.Bb2 bxc4 13.bxc4 Bh6 14.f4 Ng4 15.Nd1 Rxb2
16.Qxb2 Bg7 17.Qc1 e5 18.fxe5 Bxe5 19.Rb1 Bd4+ 20.Kh1 Ne3 21.Nxe3 Bxe3 22.Qc3 Bxd2
23.Qxd2 Nxc4 24.Qf4 Ne5 25.Rb8 Qc7 26.Rfb1 Kg7 27.h3 h5 28.Kh2 Qe7 29.a4 g5
30.Qd2 Ng6 31.Qc3+ Kh6 32.e4 Ne5 33.a5 Qf6 34.Qb2 h4 35.g4 Re8 36.Rf1 Qe7
37.Qc3 Kg6 38.Kh1 Qc7 39.Rb6 Re7 40.Rc1 Kh7 41.Bf1 Re8 42.Qe3 Qe7 43.Bxa6 Bxa6
44.Rxa6 Ng6 45.e5 Qb7 46.Rxd6 Rxe5 47.Qd3 c4 48.Qxc4 Qe7 49.Rxg6 Kxg6 50.Qd3+ Kh6
51.Rc6+ Kg7 52.Qc3 Kh7 53.Re6 Rxe6 54.dxe6 Qxe6 55.Qd3+ Kh6 56.a6 Qc6+ 57.Kg1 Qc1+
58.Kf2 Qc5+ 59.Kf3 Qc6+ 60.Ke3 Qb6+ 61.Ke4 Qg6+ 62.Kd4 Qd6+ 63.Kc3 Qa3+ 64.Kd2 Qb2+
65.Ke1 Qc1+ 66.Kf2 Qb2+ 67.Qe2 Qb6+ 68.Kf1 Qf6+ 69.Kg2 Qc6+ 70.Kg1 Qb6+ 71.Kg2 Qc6+
72.Kg1  1/2-1/2

[Event "2nd NJ Futurity Int"]
[Site "New Jersey USA"]
[Date "2008.07.10"]
[Round "6"]
[White "Almeida Saenz,A"]
[Black "Ju,E"]
[Result "0-1"]
[WhiteElo "2419"]
[BlackElo "2286"]

1.d4 Nf6 2.Nf3 g6 3.c4 Bg7 4.g3 O-O 5.Bg2 d6 6.O-O Nbd7 7.Nc3 e5 8.e4 c6
9.h3 Qb6 10.c5 dxc5 11.dxe5 Ne8 12.Na4 Qb5 13.Bf4 Nc7 14.Re1 Ne6 15.b3 Qa5
16.Qd6 Rd8 17.Bd2 Nxe5 18.Bxa5 Rxd6 19.Rad1 Rxd1 20.Rxd1 Nxf3+ 21.Bxf3 Nd4
22.Bg2 b6 23.Bd2 Be6 24.Nc3 Rd8 25.Bg5 Ne2+ 26.Kf1 Rxd1+ 27.Nxd1 Nc3 28.Nxc3 Bxc3
29.Be7 c4 30.b4 Bd4 31.Ke2 c3 32.Kd3 Bxf2 33.Kxc3 Bxg3 34.a3 Be5+ 35.Kc2 f6  0-1

[Event "Maestro Open"]
[Site "Berdsk RUS"]
[Date "2008.07.11"]
[Round "4"]
[White "Puraev,A"]
[Black "Lesin,D"]
[Result "0-1"]
[WhiteElo "2044"]
[BlackElo "2258"]

1.d4 Nf6 2.c4 g6 3.Nf3 Bg7 4.g3 O-O 5.Bg2 d6 6.O-O Nc6 7.Nc3 a6 8.b3 Rb8
9.Nd5 Ne4 10.Bb2 e6 11.Nc3 f5 12.Nxe4 fxe4 13.Nd2 Nxd4 14.Nxe4 Nf3+ 15.Bxf3 Bxb2
16.Rb1 Bg7 17.Qd2 d5 18.cxd5 exd5 19.Nc5 c6 20.b4 Rf7 21.Rbc1 Qf8 22.Bg2 Bh6
23.e3 Bf5 24.Nb3 Re8 25.Nd4 Bg4 26.a4 Qg7 27.Rc3 Qe5 28.Nc2 Bg7 29.Nd4 Qd6
30.Rc5 Bd7 31.Rcc1 Bh6 32.Rce1 Bf8 33.Rb1 b5 34.axb5 axb5 35.Qa2 Bc8 36.Qa8 Bd7
37.Qa6 Qf6 38.Rb2 Bh6 39.Rc2 Re6 40.Nxe6 Qxe6 41.Qa2 Qd6 42.Qb3 Bf8 43.Rb2 Be6
44.Qa3 h5 45.h4 Bg7 46.Rc2 Kh7 47.Rfc1 Bd7 48.Rc5 Kg8 49.Qa6 Qf6 50.R5c2  0-1

[Event "Maestro Open"]
[Site "Berdsk RUS"]
[Date "2008.07.12"]
[Round "5"]
[White "Zatsepin,V"]
[Black "Sukhorukov,Ana"]
[Result "0-1"]
[WhiteElo "1974"]
[BlackElo "2023"]

1.d4 Nf6 2.c4 g6 3.g3 Bg7 4.Bg2 d6 5.Nf3 O-O 6.O-O Nbd7 7.Nc3 e5 8.Bg5 c6
9.e3 h6 10.dxe5 dxe5 11.Bxf6 Bxf6 12.Rc1 Qb6 13.Qc2 Nc5 14.a3 a5 15.Rfd1 Bf5
16.e4 Be6 17.Bf1 a4 18.Rd6 Be7 19.Rdd1 Nb3 20.Rb1 Bg4 21.Be2 f6 22.Kg2 Bxf3+
23.Bxf3 Na5 24.Qd2 Kg7 25.Ne2 Bc5 26.Nd4 Bxd4 27.Qc2 f5 28.Rd2 Rf7 29.Rf1 Qa7
30.Kg1 b5 31.cxb5 cxb5 32.exf5 Raf8 33.Be2 Qb6 34.f6+ Rxf6 35.Bd3 Rf3 36.Re2 h5
37.Be4 Rb3 38.Rb1 h4 39.Bd5 hxg3 40.hxg3 Rxg3+ 41.Kf1 Qf6  0-1

[Event "Heart of Finland"]
[Site "Jyvaskyla FIN"]
[Date "2008.07.12"]
[Round "1"]
[White "Pursiainen,E"]
[Black "Nouro,M"]
[Result "1-0"]
[WhiteElo "1957"]
[BlackElo "2341"]

1.d4 Nf6 2.c4 g6 3.Nf3 Bg7 4.g3 O-O 5.Bg2 d6 6.O-O c6 7.Nc3 Bf5 8.Nh4 Be6
9.d5 cxd5 10.cxd5 Bd7 11.Nf3 Na6 12.Nd4 Qb6 13.Nb3 Rfc8 14.Be3 Qd8 15.h3 Rc4
16.Qd2 Qc7 17.Rfd1 Rc8 18.Bd4 b5 19.e4 b4 20.Ne2 Bb5 21.Qe3 Nc5 22.Bxc5 dxc5
23.Rd2 a5 24.Rad1 Qe5 25.Nxa5 Rxe4 26.Bxe4 Nxe4 27.f4 Qc7 28.Qxe4 Qxa5 29.b3 Qa7
30.Kh2 Bf6 31.Ng1 Bc3 32.Rc2 Bf6 33.Nf3 Bd7 34.g4 h5 35.Ne5 hxg4 36.hxg4 Bb5
37.Rh1 Bg7 38.Kg3 Qc7 39.Rch2 Bd7 40.Nxg6 fxg6 41.Qxg6  1-0

[Event "19th Czech Infinity Open"]
[Site "Pardubice CZE"]
[Date "2008.07.14"]
[Round "5"]
[White "Volodin,V"]
[Black "Gutman,G"]
[Result "0-1"]
[WhiteElo "2229"]
[BlackElo "2497"]

1.Nf3 Nf6 2.c4 g6 3.d4 Bg7 4.g3 O-O 5.Bg2 d6 6.O-O Nbd7 7.Nc3 e5 8.h3 c6
9.e4 Qa5 10.Re1 exd4 11.Nxd4 Ne5 12.Bf1 Re8 13.Nb3 Qc7 14.f4 Ned7 15.Bg2 a5
16.Be3 a4 17.Nd4 Qa5 18.Qc2 Nc5 19.Rab1 Qb4 20.b3 axb3 21.axb3 Nh5 22.Kh2 f5
23.Bf2 Bd7 24.Na2 Rxa2 25.Qxa2 Nd3 26.Nc2 Qc3 27.Re3 fxe4 28.Be1 Qf6 29.Rxe4 Rxe4
30.Bxe4 Nhxf4 31.Qa8+ Bf8 32.Qxb7 Qe6 33.gxf4 Qxe4 34.Qxd7 Nc5  0-1

[Event "XXIII Tadeusz Gniota Mem"]
[Site "Police POL"]
[Date "2008.07.15"]
[Round "8"]
[White "Zschaebitz,K"]
[Black "Kurpiewski,S"]
[Result "0-1"]
[WhiteElo "2103"]
[BlackElo "2184"]

1.d4 g6 2.g3 Bg7 3.Bg2 Nf6 4.c4 O-O 5.Nf3 d6 6.O-O a6 7.Nc3 Nc6 8.h3 Rb8
9.Bg5 h6 10.Be3 Na5 11.b3 b5 12.cxb5 axb5 13.Qc1 Kh7 14.Qa3 c5 15.Qc1 b4
16.Nd1 Bf5 17.dxc5 Rc8 18.Bd4 dxc5 19.Be5 c4 20.Qf4 Nd5 21.Qh4 f6 22.Bb2 c3
23.Bc1 e5 24.Nxe5 fxe5 25.Qxd8 Rfxd8 26.e4 c2 27.Nb2 Nc3 28.exf5 Ne2+ 29.Kh2 gxf5
30.g4 e4 31.gxf5 Nxc1 32.f6 Bxf6 33.Bxe4+ Kh8 34.Raxc1 Bxb2 35.Rxc2 Rxc2
36.Bxc2 Rd2 37.Bb1 Nc6 38.Kg3 Nd4 39.Re1 Ne2+ 40.Kf3 Nc3 41.Re8+ Kg7 42.Bf5 Nd1
43.Re2 Rxe2 44.Kxe2 Nc3+ 45.Kd3 Nxa2 46.Be6 Kf6 47.Bg8 Nc3 48.Kc4 Ba3 49.Kd3 Ke5
50.Bf7 Kf4 51.Bh5 Nd5 52.Bf7 Nf6 53.Ke2 Bb2 54.Bc4 Bd4 55.f3 h5 56.Ba6 h4
57.Bc8 Bc5 58.Be6 Nh7  0-1

[Event "Aegean Open"]
[Site "Aghios Kirykos GRE"]
[Date "2008.07.16"]
[Round "5"]
[White "Banikas,H"]
[Black "Minina,V"]
[Result "1-0"]
[WhiteElo "2571"]
[BlackElo "2166"]

1.Nf3 Nf6 2.c4 g6 3.g3 Bg7 4.d4 d6 5.Bg2 O-O 6.O-O c6 7.Nc3 Qa5 8.e4 Qh5
9.Ng5 Qxd1 10.Rxd1 e5 11.Nf3 Na6 12.h3 Re8 13.Be3 Nc7 14.Rac1 Bd7 15.a3 h6
16.b4 Be6 17.dxe5 dxe5 18.Nxe5 Nxe4 19.Nxe4 Bxe5 20.Nd6 Bxd6 21.Rxd6 Red8
22.Rxd8+ Rxd8 23.Bxa7 Rd3 24.a4 Ra3 25.a5 Ra4 26.Bb6 Na8 27.Bc5 Nc7 28.Rd1 Na6
29.Rd8+ Kg7 30.Bd4+ f6 31.b5 cxb5 32.cxb5 Nc7 33.a6 b6 34.Bc6  1-0

[Event "Inautomarket Open"]
[Site "Minsk BLR"]
[Date "2008.07.17"]
[Round "8"]
[White "Rustemov,A"]
[Black "Gorovets,A"]
[Result "1-0"]
[WhiteElo "2547"]
[BlackElo "2371"]

1.d4 Nf6 2.Nf3 g6 3.c4 Bg7 4.g3 O-O 5.Bg2 d6 6.Nc3 Nc6 7.O-O Bf5 8.Ne1 Qd7
9.e4 Bh3 10.f3 Bxg2 11.Kxg2 Na5 12.b3 c5 13.Nc2 cxd4 14.Nxd4 Nc6 15.Be3 Ne8
16.Rc1 Nc7 17.Nde2 f5 18.Qd2 fxe4 19.Nxe4 Ne6 20.Rcd1 Qe8 21.Qd5 Qf7 22.Nf4 Nxf4+
23.Bxf4 h6 24.h4 Qxd5 25.Rxd5 Rf5 26.Bd2 Nd4 27.Bxh6 Rxd5 28.Bxg7 Nf5 29.cxd5 Ne3+
30.Kf2 Nxf1 31.Bd4 Nh2 32.Kg2 Rf8 33.Kxh2 Rxf3 34.Bxa7 Rd3 35.Kg2 Rxd5 36.Be3 Rd1
37.Kf3 d5 38.Ke2 Rh1 39.Nc3 e6 40.a4 Kf7 41.b4 Ke7 42.Bf4 Kf6 43.a5 Ra1 44.Kd3 Ke7
45.Be5 Kd7 46.Kd2 Rf1 47.b5 Ra1 48.Ne2 Ra2+ 49.Ke3 Ra3+ 50.Kf2 Rxa5 51.Nf4 Rxb5
52.Nxg6 Rb1 53.h5 Ke8 54.h6 Rh1 55.Nh4  1-0

[Event "Inautomarket Open"]
[Site "Minsk BLR"]
[Date "2008.07.18"]
[Round "9"]
[White "Zaiatz,E"]
[Black "Tihonov,J"]
[Result "1/2-1/2"]
[WhiteElo "2346"]
[BlackElo "2470"]

1.d4 Nf6 2.c4 g6 3.g3 Bg7 4.Bg2 d6 5.Nf3 O-O 6.O-O c6 7.Nc3 Qb6 8.h3 Qa6
9.Qa4 Qxa4 10.Nxa4 Nbd7 11.Nc3 a6 12.a4 a5 13.b3 Nb8 14.Ba3 Na6 15.Rac1 Nd7
16.Rfd1 b6 17.Ne1 Bb7 18.e3 Rfb8 19.Nc2 c5 20.Nb5 Bxg2 21.Kxg2 Rb7 22.Bb2 Ndb8
23.Bc3 Nc7 24.Nxc7 Rxc7 25.Na3 Na6 26.Nb5 Rcc8 27.d5 Bf8 28.e4 Nc7 29.Nxc7 Rxc7
30.e5 dxe5 31.Bxe5 Rd7 32.Re1 e6 33.dxe6 fxe6 34.Re3 Re8 35.Bf4 Bg7  1/2-1/2

[Event "17th ch-MKD"]
[Site "Struga MKD"]
[Date "2008.07.18"]
[Round "5"]
[White "Vasovski,N"]
[Black "Pancevski,F"]
[Result "1/2-1/2"]
[WhiteElo "2325"]
[BlackElo "2407"]

1.Nf3 g6 2.c4 Bg7 3.d4 Nf6 4.g3 O-O 5.Bg2 d6 6.O-O Nc6 7.d5 Na5 8.Nfd2 c5
9.a3 Nd7 10.Ra2 Ne5 11.b3 a6 12.Bb2 b5 13.cxb5 axb5 14.b4 Nac4 15.Nxc4 Nxc4
16.Bxg7 Kxg7 17.Qb3 cxb4 18.axb4 Rxa2 19.Qxa2 Qb6 20.Nd2 Ne5 21.Nf3 Nxf3+
22.Bxf3 Bh3 23.Qa1+ f6 24.Rc1 Rc8 25.Rc6 Qb7 26.Qc3 Ra8 27.Bg2 Bd7 28.Rc7 Ra1+
29.Qxa1 Qxc7 30.h3 Kf7 31.e4 Qc4 32.Qe1 Qd4 33.Kh2 f5 34.f4 fxe4 35.Bxe4 Bc8
36.Bg2 Bf5 37.Bf3 h6  1/2-1/2

[Event "Ch-AY Boys U18"]
[Site "Tehran IRI"]
[Date "2008.07.18"]
[Round "4"]
[White "Darini,P"]
[Black "Otchiyev,A"]
[Result "1/2-1/2"]
[WhiteElo "2262"]
[BlackElo "2225"]

1.Nf3 Nf6 2.c4 g6 3.d4 Bg7 4.g3 O-O 5.Bg2 d6 6.O-O Nc6 7.d5 Na5 8.Nfd2 c5
9.Nc3 a6 10.Qc2 Rb8 11.b3 b5 12.cxb5 axb5 13.Bb2 b4 14.Nd1 Ba6 15.Re1 Nd7
16.Ne3 Qb6 17.a3 Ne5 18.axb4 cxb4 19.Qb1 Bb5 20.Ra2 Bh6 21.Qe4 Nb7 22.Bd4 Nc5
23.Qh4 Bg7 24.Ne4 Ned7 25.Bxg7 Kxg7 26.Nxc5 Nxc5 27.Qxb4 Bd7 28.Qc3+ Kg8
29.Rb1 Qb4 30.Qxb4 Rxb4 31.Ra7 Rfb8 32.Re1 R8b7 33.Rxb7 Rxb7 34.h4 h5 35.Nc2 Nxb3
36.Rb1 Nc5 37.Ra1 Rb2 38.Nd4 Rd2 39.e3 Kg7 40.Nc6 Kf6 41.Ra7 Rd1+ 42.Kh2 Rd2
43.Kg1 Rd1+ 44.Kh2 Rd2  1/2-1/2

[Event "Ch-AY Boys U18"]
[Site "Tehran IRI"]
[Date "2008.07.19"]
[Round "5"]
[White "Darini,P"]
[Black "Pradeep,KR"]
[Result "1-0"]
[WhiteElo "2262"]
[BlackElo "2250"]

1.c4 Nf6 2.Nf3 g6 3.d4 Bg7 4.g3 O-O 5.Bg2 d6 6.O-O Nc6 7.b3 e5 8.Bb2 Qe7
9.e4 Bg4 10.d5 Nd8 11.h3 Bd7 12.Nbd2 Ne8 13.Re1 f5 14.exf5 gxf5 15.c5 Nf7
16.Nc4 Ng5 17.Nfxe5 dxe5 18.d6 cxd6 19.cxd6 Qd8 20.Nxe5 Nf6 21.Nxd7 Qxd7
22.Re7 Qd8 23.Qd4 Nge4 24.Bxe4 fxe4 25.Rc1 Rc8 26.Rxc8 Qxc8 27.d7 Qd8 28.Qe5 b5
29.Qe6+ Kh8 30.Bxf6 Bxf6 31.Re8 e3 32.Qf7 exf2+ 33.Kf1 Bg7 34.Qxf8+ Bxf8
35.Rxd8  1-0

[Event "ZMD Open"]
[Site "Dresden GER"]
[Date "2008.07.20"]
[Round "2"]
[White "Kahleys,K"]
[Black "Kovalev,An"]
[Result "0-1"]
[WhiteElo "1969"]
[BlackElo "2550"]

1.d4 Nf6 2.c4 d6 3.Nf3 g6 4.g3 Bg7 5.Bg2 O-O 6.Nc3 Nc6 7.h3 e5 8.dxe5 dxe5
9.Qxd8 Rxd8 10.Bg5 Be6 11.Nd2 h6 12.Be3 Nd4 13.O-O-O c6 14.b3 Bf8 15.g4 Bb4
16.Ndb1 Kg7 17.f4 Bc5 18.fxe5 Nxb3+ 19.Kb2 Nd7 20.Bxh6+ Kxh6 21.axb3 Nxe5
22.Rxd8 Rxd8 23.g5+ Kg7 24.Ne4 Bd4+ 25.Nbc3 b5 26.cxb5 cxb5 27.Ka3 b4+ 28.Kxb4 Rb8+
29.Ka4 Bxb3+  0-1

[Event "Politiken Cup"]
[Site "Helsingor DEN"]
[Date "2008.07.20"]
[Round "3"]
[White "Nielsen,Ka"]
[Black "Jorgensen,R"]
[Result "0-1"]
[WhiteElo "1829"]
[BlackElo "2036"]

1.d4 Nf6 2.Nf3 g6 3.g3 Bg7 4.Bg2 d6 5.c4 O-O 6.O-O Nbd7 7.Nc3 e5 8.dxe5 dxe5
9.Qc2 c6 10.Bg5 Qc7 11.Rad1 Nc5 12.b4 Ne6 13.Bxf6 Bxf6 14.Ne4 Bg7 15.c5 f5
16.Nd6 e4 17.Ne1 Kh8 18.e3 Ng5 19.h4 Nf7 20.Nxc8 Rfxc8 21.Bh3 Rd8 22.Ng2 Ne5
23.Nf4 Qf7 24.Qb3 Qxb3 25.axb3 Nf3+ 26.Kg2 Bc3 27.h5 Ne5 28.hxg6 hxg6 29.b5 cxb5
30.Ne6 Rxd1 31.Rxd1 Nd3 32.Nc7 Rc8 33.Nxb5 Rxc5 34.Nd6 Rd5 35.Nxb7 Nf4+ 36.gxf4 Rxd1
37.Nc5 Kg8 38.f3 exf3+ 39.Kxf3 Bb4 40.Ne6 Rb1 41.Nd4 Bc5 42.Nxf5 gxf5 43.Bxf5 Re1
44.e4 Kf8 45.Kg4 Re3  0-1

[Event "Dutch Open"]
[Site "Dieren NED"]
[Date "2008.07.22"]
[Round "1"]
[White "Pavlovic,Milos"]
[Black "Markus,J"]
[Result "1-0"]
[WhiteElo "2515"]
[BlackElo "2179"]

1.Nf3 g6 2.c4 Bg7 3.d4 d6 4.g3 Nf6 5.Bg2 O-O 6.O-O Nbd7 7.Nc3 e5 8.e3 Re8
9.b3 exd4 10.exd4 Nf8 11.Be3 c6 12.d5 c5 13.Rc1 a6 14.Bf4 Nh5 15.Bg5 Bf6
16.Qd2 Bg4 17.Bxf6 Qxf6 18.Ng5 Rad8 19.h3 Bc8 20.Rce1 Rxe1 21.Rxe1 h6 22.Nge4 Qg7
23.g4 f5 24.Nxd6 Rxd6 25.gxh5 gxh5 26.Ne2 Bd7 27.Kh1 Qg5 28.f4 Qh4 29.Nc1 Ng6
30.Nd3 b5 31.Rf1 bxc4 32.bxc4 Rb6 33.Qa5 Qf6 34.Qxc5 Kh8 35.Ne5 Rb7 36.d6  1-0

[Event "1st Open"]
[Site "Paleochora GRE"]
[Date "2008.07.22"]
[Round "3"]
[White "Shumiakina,T"]
[Black "Orlov,And"]
[Result "0-1"]
[WhiteElo "2351"]
[BlackElo "2501"]

1.d4 Nf6 2.Nf3 d6 3.c4 g6 4.g3 Bg7 5.Bg2 O-O 6.O-O Nc6 7.Nc3 a6 8.d5 Na5
9.Nd2 c5 10.Rb1 Rb8 11.b3 b5 12.Bb2 bxc4 13.bxc4 Bh6 14.Ba1 Rb4 15.a3 Rxb1
16.Ncxb1 Qb6 17.e3 Bf5 18.e4 Bg4 19.Qc2 Rb8 20.h3 Bd7 21.f4 Nb3 22.Bc3 Nd4
23.Qd3 Ba4 24.Re1 Bg7 25.Kh2 Nd7 26.Rc1 h5 27.Rf1 Qc7 28.Kh1 Rb7 29.Rc1 Qb8
30.Kh2 Bf6 31.h4 Bg7 32.Bh3 Nf6 33.Kg2 Ng4 34.Bxg4 hxg4 35.Kf1 Nb3 36.Rd1 Nxd2+  0-1

[Event "ch-AUT"]
[Site "Leoben AUT"]
[Date "2008.07.23"]
[Round "5"]
[White "Pachta,P"]
[Black "Aschenbrenner,R"]
[Result "1-0"]
[WhiteElo "2312"]
[BlackElo "2278"]

1.d4 Nf6 2.Nf3 g6 3.c4 Bg7 4.g3 O-O 5.Bg2 d6 6.O-O Nbd7 7.Nc3 e5 8.e4 a6
9.Qc2 exd4 10.Nxd4 Re8 11.Rd1 Rb8 12.h3 c5 13.Nde2 Ne5 14.f4 Nxc4 15.b3 Na5
16.e5 Bf5 17.Qb2 Nd7 18.Rxd6 h5 19.Be3 Qc8 20.Rad1 f6 21.Bd5+ Kh8 22.Bf7 fxe5
23.Bxg6 Bxg6 24.Rxg6 Nf8 25.Rg5 Qxh3 26.Ne4 Ne6 27.Qc2 exf4 28.Rdd5 fxe3
29.Rxh5+ Qxh5 30.Rxh5+ Kg8 31.Ng5 Nxg5 32.Rxg5 Nc6 33.Qxc5 Rbd8 34.Qc4+ Kh7
35.Qf7  1-0

[Event "Politiken Cup"]
[Site "Helsingor DEN"]
[Date "2008.07.24"]
[Round "7"]
[White "Hanssen,G"]
[Black "Hansen,TR"]
[Result "0-1"]
[WhiteElo "2232"]
[BlackElo "2423"]

1.Nf3 Nf6 2.c4 g6 3.d4 Bg7 4.g3 O-O 5.Bg2 d6 6.O-O Nc6 7.d5 Na5 8.Nfd2 c5
9.Nc3 a6 10.Rb1 Bf5 11.e4 Bd7 12.b3 h5 13.Bb2 h4 14.Qc2 e5 15.Rbe1 Nh5 16.Ne2 Bh6
17.Bc3 b6 18.Qd3 h3 19.Bh1 f5 20.f4 exf4 21.Nxf4 Bxf4 22.gxf4 Qh4 23.Qf3 fxe4
24.Nxe4 Rxf4 25.Bf6 Rxf6 26.Nxf6+ Nxf6 27.Re6 Bxe6 28.dxe6 Re8 29.Qxf6 Qg4+
30.Kf2 Rf8 31.Qxf8+ Kxf8 32.Bd5 Ke7 33.Ke3 Qd4+  0-1

[Event "ch-AUT"]
[Site "Leoben AUT"]
[Date "2008.07.25"]
[Round "7"]
[White "Pachta,P"]
[Black "Schwarhofer,C"]
[Result "0-1"]
[WhiteElo "2312"]
[BlackElo "2227"]

1.d4 Nf6 2.Nf3 g6 3.g3 Bg7 4.Bg2 O-O 5.c4 d6 6.O-O Nbd7 7.Nc3 e5 8.e4 c6
9.h3 Qa5 10.Re1 exd4 11.Nxd4 Ne5 12.Bf1 Re8 13.Kg2 Be6 14.Nxe6 Rxe6 15.Be3 a6
16.Rb1 b5 17.b4 Qc7 18.c5 Rd8 19.Qb3 d5 20.exd5 cxd5 21.Bd4 Nc4 22.Red1 Qc6
23.Kg1 Ne4 24.Nxe4 Rxe4 25.Bxg7 Kxg7 26.Bg2 Re5 27.Qd3 Qf6 28.Re1 d4 29.Red1 Re7
30.a4 Ne5 31.Qb3 d3 32.axb5 axb5 33.Ra1 d2 34.c6 Nc4 35.Bf1 Qxc6 36.Bxc4 bxc4
37.Qc3+ Qf6 38.Qxc4 Qxa1 39.Rxa1 Re1+  0-1

[Event "2nd Dragana Vjestice Mem"]
[Site "Banja Luka BIH"]
[Date "2008.07.27"]
[Round "6"]
[White "Sibarevic,M"]
[Black "Kelecevic,M"]
[Result "0-1"]
[WhiteElo "2330"]
[BlackElo "2263"]

1.d4 Nf6 2.c4 g6 3.Nf3 Bg7 4.g3 O-O 5.Bg2 d6 6.O-O c6 7.Nc3 Nbd7 8.e4 e5
9.h3 Qc7 10.Be3 Re8 11.Qc2 Nf8 12.Rad1 Bd7 13.c5 exd4 14.cxd6 Qc8 15.Bxd4 Bxh3
16.e5 Nh5 17.Bxh3 Qxh3 18.Ne2 h6 19.b4 Nd7 20.Rfe1 Rad8 21.Qc3 Re6 22.Qe3 Ndf6
23.Nf4 Nxf4 24.Qxf4 g5 25.Qd2 Nd5 26.Nh2 Rg6 27.Re4 Nf4 28.Rxf4 gxf4 29.Qxf4 h5
30.Bxa7 h4 31.Rd3 hxg3 32.Rxg3 Rxg3+ 33.fxg3 Ra8 34.Bd4 Rxa2 35.Qf3 Qxh2+  0-1

[Event "41st Festival MTO"]
[Site "Biel SUI"]
[Date "2008.07.28"]
[Round "7"]
[White "Grachev,B"]
[Black "Hausrath,D"]
[Result "1/2-1/2"]
[WhiteElo "2640"]
[BlackElo "2491"]

1.d4 Nf6 2.Nf3 g6 3.c4 Bg7 4.g3 O-O 5.Bg2 d6 6.Nc3 c6 7.O-O Qa5 8.h3 Qa6
9.b3 b5 10.Nd2 Bb7 11.Bb2 Nbd7 12.e4 bxc4 13.Nxc4 d5 14.Ne5 Nxe5 15.dxe5 Nxe4
16.Nxe4 dxe4 17.Bxe4 c5 18.Bxb7 Qxb7 19.Rc1 Qa6 20.Qc2 Rab8 21.Ba1 e6 22.Rfd1 Rfd8
23.Bc3 Rbc8 24.Bb2 Rb8 25.a4 Qb7 26.Rxd8+ Rxd8 27.Ba3 Bf8 28.Rd1  1/2-1/2

[Event "III Open"]
[Site "Oviedo ESP"]
[Date "2008.07.28"]
[Round "6"]
[White "Fernandez Riesgo,M"]
[Black "Prieto Busto,L"]
[Result "0-1"]
[WhiteElo "1862"]
[BlackElo "2060"]

1.Nf3 g6 2.c4 Bg7 3.g3 d6 4.Bg2 Nf6 5.d4 O-O 6.O-O c5 7.Nc3 Nc6 8.dxc5 dxc5
9.Qxd8 Rxd8 10.Na4 b6 11.Ne5 Nxe5 12.Bxa8 Bd7 13.Nxb6 axb6 14.Bg2 Nxc4 15.Rd1 Rc8
16.b3 Ne5 17.Bb2 Ne8 18.Kf1 Nd6 19.Rd5 Nc6 20.Bxg7 Kxg7 21.e4 Nd4 22.a4 Be6
23.e5 Bxd5 24.exd6 Bxg2+ 25.Kxg2 exd6  0-1

[Event "41st Festival MTO"]
[Site "Biel SUI"]
[Date "2008.07.29"]
[Round "8"]
[White "Al Sayed,Mohamad"]
[Black "Jenni,F"]
[Result "0-1"]
[WhiteElo "2470"]
[BlackElo "2544"]

1.d4 Nf6 2.c4 g6 3.g3 Bg7 4.Bg2 O-O 5.Nf3 d6 6.O-O a6 7.Nc3 Nbd7 8.h3 e5
9.dxe5 dxe5 10.Be3 c6 11.b4 Qe7 12.Qb3 Ne8 13.Rad1 h6 14.Nd2 Nd6 15.g4 f5
16.b5 e4 17.bxc6 bxc6 18.Qa3 Qe6 19.c5 Nf7 20.Ndxe4 fxe4 21.Nxe4 Nde5 22.Nd6 Rb8
23.Bd4 Nc4 24.Qc3 Bxd4 25.Rxd4 Ncxd6 26.cxd6 Bd7 27.Bxc6 Bxc6 28.Qxc6 Qxe2
29.d7 Kg7 30.Qc3 Qb2 31.Qe3 Rbd8 32.a4 Qb7 33.Rfd1 Ng5 34.Rd5 Qb2 35.Kg2 Rf6
36.R1d2 Qb4 37.R2d4 Qf8 38.Re5 Qf7 39.Re8 Ne6 40.Re4 Rxe8 41.dxe8=Q Qxe8
42.h4 Qc6 43.f3 g5 44.hxg5 hxg5 45.Re5 Kh6 46.a5 Nf4+  0-1

[Event "Mercosur Cup"]
[Site "Villa Martelli ARG"]
[Date "2008.07.29"]
[Round "1"]
[White "Rodriguez Vila,A"]
[Black "Flores Rios,M"]
[Result "1-0"]
[WhiteElo "2531"]
[BlackElo "2438"]

1.d4 Nf6 2.Nf3 g6 3.c4 Bg7 4.g3 O-O 5.Bg2 d6 6.O-O Nc6 7.d5 Na5 8.Qa4 c5
9.Bd2 b6 10.Bxa5 bxa5 11.Nc3 Rb8 12.Qc2 Nd7 13.e4 Ba6 14.Nd2 Qb6 15.Rab1 Ne5
16.Nd1 e6 17.Ne3 exd5 18.Nxd5 Qd8 19.f4 Nc6 20.Kh1 Nb4 21.Nxb4 axb4 22.Rbd1 Qe7
23.Rfe1 Bb7 24.h4 Rfe8 25.Kh2 Bc6 26.Nb3 Qc7 27.Qf2 Rbc8 28.Bf3 Ba8 29.Qg2 a5
30.Re2 a4 31.Nc1 Bc6 32.h5 Rcd8 33.Red2 Bf8 34.Nd3 Qe7 35.Nf2 Bg7 36.Re2 Bd4
37.Ng4 Bg7 38.Ne3 Bd4 39.b3 Ra8 40.e5 Bxf3 41.Qxf3 dxe5 42.Nd5 Qd8 43.fxe5 Kg7
44.Qf4 axb3 45.h6+ Kg8 46.Nf6+ Kf8 47.Nxh7+ Ke7 48.Ng5 Rf8 49.axb3 Ra3 50.h7  1-0

[Event "Mercosur Cup"]
[Site "Villa Martelli ARG"]
[Date "2008.07.30"]
[Round "2"]
[White "Molina,Rob"]
[Black "Bachmann,Ax"]
[Result "0-1"]
[WhiteElo "2402"]
[BlackElo "2511"]

1.d4 Nf6 2.c4 g6 3.Nf3 Bg7 4.g3 O-O 5.Bg2 d6 6.O-O c6 7.Nc3 Qa5 8.e4 e5 9.h3 Nbd7
10.Re1 exd4 11.Nxd4 Ne5 12.Bf1 Be6 13.Nxe6 fxe6 14.Kg2 Rad8 15.f4 Nf7 16.Bd2 Qc7
17.Rc1 e5 18.f5 Bh6 19.Bd3 Kh8 20.Rf1 Rg8 21.Qe2 Qe7 22.Bxh6 Nxh6 23.Qe3 gxf5
24.exf5 Nf7 25.Qxa7 e4 26.Bc2 Qe5 27.Ne2 Rxg3+ 28.Nxg3 Rg8 29.Kf2 Qxg3+ 30.Ke2 e3
31.Qd4 Qh2+ 32.Kxe3 Ne5 33.Rf3 Rg2 34.Bd3 Rd2 35.Rc3 Qg1+  0-1

[Event "CSOB IM CUP"]
[Site "Mlada Boleslav CZE"]
[Date "2008.07.31"]
[Round "6"]
[White "Volodin,V"]
[Black "Praznik,A"]
[Result "1-0"]
[WhiteElo "2229"]
[BlackElo "2241"]

1.Nf3 Nf6 2.c4 g6 3.d4 Bg7 4.g3 O-O 5.Bg2 d6 6.O-O Nc6 7.Nc3 a6 8.b3 Rb8
9.e3 b5 10.Qe2 bxc4 11.bxc4 Na5 12.Rb1 Bd7 13.Bd2 e6 14.Rxb8 Qxb8 15.Rb1 Qa7
16.Nd5 exd5 17.Bxa5 Rb8 18.Rc1 c6 19.c5 dxc5 20.dxc5 Ne4 21.Bb6 Qb7 22.Nd4 Re8
23.Qd3 Bc8 24.a4 Qd7 25.a5 Bh6 26.Re1 Bf8 27.Qc2 Bg7 28.Rd1 Bh6 29.Re1 Bb7
30.Qd3 Bf8 31.Rc1 h5 32.Qe2 Bg7 33.Qd1 Qe7 34.Qd3 Qf6 35.Rf1 Bf8 36.Qc2 Bh6
37.Qd3 Bc8 38.Ne2 h4 39.Nf4 hxg3 40.hxg3 Bf8 41.Qc2 Qg5 42.Qa4 Bd7 43.Qc2 Qh6
44.Qa4 Qg5 45.Qc2 Qf6 46.Qa4 Qe7 47.Bh3 Bxh3 48.Nxh3 Qd7 49.Nf4 Nxc5 50.Bxc5 Bxc5
51.Rc1 Re4 52.Qa2 Qd6 53.Kg2 Bb4 54.Kf3 Qf6 55.Kg2 Be7 56.Qe2 d4 57.Qf3 Qf5
58.exd4 Rxd4 59.Qxc6 Bd8 60.Qxa6 Qe4+ 61.Kg1 Rd2 62.Qa7 Qf3  1-0

[Event "17th Open"]
[Site "Martigny SUI"]
[Date "2008.08.02"]
[Round "2"]
[White "Barsov,A"]
[Black "Beney,E"]
[Result "1/2-1/2"]
[WhiteElo "2481"]
[BlackElo "2129"]

1.d4 Nf6 2.Nf3 g6 3.c4 Bg7 4.g3 O-O 5.Bg2 d6 6.O-O Nbd7 7.Nc3 e5 8.h3 a6
9.Bg5 h6 10.Be3 Kh7 11.dxe5 dxe5 12.c5 c6 13.Nd2 Qe7 14.Qa4 Ne8 15.Nc4 f5
16.f4 exf4 17.gxf4 Rb8 18.Qa5 Ndf6 19.Rad1 Be6 20.Ne5 Nc7 21.Bd4 Nfd5 22.Rd3 Bg8
23.Kh1 g5 24.e3 Rbe8 25.Ne2 Nb5 26.a4 Nxd4 27.exd4 gxf4 28.Nxf4 Nxf4 29.Rxf4 Bxe5
30.dxe5 Qxe5 31.Rd7+ Re7 32.Qc3 Qxf4 33.Rxe7+ Rf7 34.Qf6 Qc1+ 35.Kh2 Qf4+  1/2-1/2

[Event "Abkhasian Open"]
[Site "Sukhumi GEO"]
[Date "2008.08.03"]
[Round "1"]
[White "Shutukov,S"]
[Black "Ezhikov,V"]
[Result "1/2-1/2"]
[WhiteElo "2360"]
[BlackElo "2136"]

1.d4 Nf6 2.Nf3 g6 3.c4 Bg7 4.g3 O-O 5.Bg2 d6 6.O-O Nbd7 7.Nc3 e5 8.h3 c6
9.e4 exd4 10.Nxd4 Re8 11.Re1 Nc5 12.b4 Ne6 13.Nb3 Qe7 14.Be3 Nd7 15.Rc1 Nb6
16.Qd3 Nc7 17.Bf4 Be5 18.Bxe5 dxe5 19.c5 Nd7 20.Red1 Nf8 21.Qe3 Be6 22.Na5 Nb5
23.Nxb5 cxb5 24.a3 f6 25.Bf1 a6 26.Rd6 Bc8 27.Rcd1 Ne6 28.c6 bxc6 29.Nxc6 Qc7
30.R1d5 Qf7 31.h4 Nc7 32.Rd2 Be6 33.Nd8 Qg7 34.Nxe6 Nxe6 35.Qb3 Qf7 36.Rd7 Re7
37.Bh3 Nd4 38.Qxf7+ Kxf7 39.Rxe7+ Kxe7 40.Kg2  1/2-1/2

[Event "Mercosur Cup"]
[Site "Villa Martelli ARG"]
[Date "2008.08.03"]
[Round "7"]
[White "Molina,Rob"]
[Black "Valerga,D"]
[Result "0-1"]
[WhiteElo "2402"]
[BlackElo "2502"]

1.d4 Nf6 2.c4 g6 3.Nf3 Bg7 4.g3 O-O 5.Bg2 d6 6.Nc3 Nc6 7.O-O Bf5 8.d5 Na5
9.Nd4 Bd7 10.b3 c5 11.Nc2 a6 12.Qd3 Rb8 13.Bd2 b5 14.Rab1 Ng4 15.f4 f5 16.h3 Nf6
17.Ne3 Qc7 18.Kh2 b4 19.Ncd1 Rbe8 20.Nf2 e5 21.dxe6 Bxe6 22.Nd5 Nxd5 23.cxd5 Bd7
24.Qxa6 Nb7 25.Qd3 Qb6 26.Rfe1 c4 27.Qf3 c3 28.Bc1 c2  0-1

[Event "GM Valoz Cup"]
[Site "Olomouc CZE"]
[Date "2008.08.05"]
[Round "7"]
[White "Baryshpolets,A"]
[Black "Erdogdu,M"]
[Result "1-0"]
[WhiteElo "2413"]
[BlackElo "2440"]

1.d4 Nf6 2.c4 g6 3.Nf3 Bg7 4.g3 O-O 5.Bg2 d6 6.O-O Nc6 7.Nc3 a6 8.d5 Na5
9.Nd2 c5 10.Qc2 Rb8 11.b3 b5 12.Bb2 Bh6 13.f4 bxc4 14.bxc4 e5 15.dxe6 Bxe6
16.Nd5 Rxb2 17.Qxb2 Bg7 18.Qa3 Nxc4 19.Nxc4 Nxd5 20.Rac1 Nb4 21.Rfd1 d5 22.Kh1 Qe7
23.Nb6 d4 24.Qa5 c4 25.Nxc4 Bxc4 26.Rxc4 Qxe2 27.Rdc1 d3 28.Bf1 Qf3+ 29.Bg2 Qe2
30.Bf1 Qf2 31.Qc5 Qf3+ 32.Bg2 Qe2 33.Re4 Qd2 34.Rxb4 Re8 35.Rbb1 Bb2 36.Rd1 Qc2
37.Qd6 h5 38.Qxd3 Re1+ 39.Rxe1 Qxd3 40.Rxb2 h4 41.gxh4 Qd4 42.Rb8+ Kg7 43.Rf1 Qc4
44.Rb2 a5 45.h3 a4 46.Kh2 Qd4 47.Rbf2 f5 48.Kg3 Kh6 49.Bf3 a3 50.Rc1 Qe3
51.Rd1 Qc5 52.Re2 Qc3 53.h5 gxh5 54.h4 Qg7+ 55.Kh2 Qc7 56.Re5 Qc4 57.Rd6+ Kg7
58.Kg3 Qxa2 59.Re7+ Kf8 60.Ra7  1-0